| 000 | 01380nam1a2200325 i 4500 | ||
|---|---|---|---|
| 001 | RU\NLR\bibl\1700166 | ||
| 005 | 20260406110401.0 | ||
| 010 |
_a978-5-09-021671-5 _bобщ. |
||
| 035 | _a(NLR Aleph) 001691250 | ||
| 090 |
_a1162194 _c1162194 |
||
| 100 | _a20101115g20099999u y0rusy50 ca | ||
| 101 | 0 | _arus | |
| 102 | _aRU | ||
| 105 | _a||||z ||||| | ||
| 200 | 1 |
_aОценка достижения планируемых результатов в начальной школе _eсистема заданий _eв 2 ч. _e[пособие _fМ.Ю. Демидова и др. _gпод. ред. Г.С. Ковалевой, О.Б. Логиновой] |
|
| 210 |
_aМосква _cПросвещение _d2009 |
||
| 215 | _d22 | ||
| 225 | 1 | _aСтандарты второго поколения | |
| 463 | 0 | _10011432775 | |
| 463 | 0 | _10011744384 | |
| 463 | 0 | _10011906252 | |
| 606 | 1 |
_aШкольники _xЗнания _xОценка _xНачальная школа _92163460 _3RU\NLR\auth\661301855 |
|
| 686 | _aЧ421.28,01 | ||
| 702 | 1 |
_aДемидова _bМ. Ю. _gМарина Юрьевна _4220 |
|
| 702 | 1 |
_4340 _7ca _8rus _aКовалева _bГ. С. _cканд. пед. наук _gГалина Сергеевна _991841 _3RU\NLR\auth\77108916 |
|
| 801 | 0 |
_aRU _bNLR _c20101115 _gRCR |
|
| 801 | 1 |
_aRU _bNLR _c20101115 |
|
| 852 |
_aNLR _j2009-5/9551 |
||
| 942 | _cBOOK | ||